000 00671nam a2200241 i 4500
001 C2-0310890
003 PPAK
005 20180728102134.0
008 110703s2011 my a|||| ||||| | may d
020 _a9789673712960
040 _aPPAK
_beng
_cPPAK
_erda
082 0 4 _a658.872
_223
090 0 0 _a658.872
_bOLL
_dG
100 0 _aOllie,
_eauthor
245 1 0 _aKepelbagaian kedai online dengan multiply
264 1 _aKuala Lumpur :
_bSynergy Media ,
_c2011
300 _av, 139 pages :
_billustrations ;
_c19 cm
336 _2rdacontent
_atext
337 _2rdamedia
_aunmediated
338 _2rdacarrier
_avolume
650 1 0 _aInternet marketing
942 _ddc
_cB
999 _c113195
_d113195